| 000 | 00620nam a22002057a 4500 | ||
|---|---|---|---|
| 003 | OSt | ||
| 005 | 20130528174926.0 | ||
| 008 | 130528s1996 sp ||||| |||| 00| 0 spa d | ||
| 020 | _a8474262798 | ||
| 040 | _cCDMR | ||
| 100 | 1 |
_9373 _aSchiller, Herbert Irving |
|
| 245 | 1 | 0 |
_aAviso para navegantes _cHerbert I. Schiller |
| 260 |
_aBarcelona _bIcaria _c1996 |
||
| 300 | _a104 p. | ||
| 490 |
_aMás madera _v8 |
||
| 650 | 0 | 4 |
_93508 _aTecnologia de la informació _xAspectes socials |
| 650 | 0 | 4 |
_92807 _aMitjans de comunicació de massa _xAspectes polítics |
| 650 | 0 | 4 |
_93478 _aCultura de massa _zEstats Units |
| 942 |
_2udc _cMON |
||
| 999 |
_c6330 _d6330 |
||